000 01588nam a22002297a 4500
005 20260430113836.0
008 260430t2026 |||||||| |||| 00| 0 spa d
040 _aCO-BoUCM
_bspa
_cStefania Borbon
_dStefania Borbon
100 _aSenior Serrano, Sebastián
_997965
245 _aDesarrollo y participación en los páramos de Colombia :
_bAnálisis desde el páramo de Santurbán en el municipio de Cácota /
_cSebastián Senior Serrano
260 _aBogotá, D. C. :
_bEditorial Universidad del Rosario,
_c2026
300 _a289 páginas :
_bilustraciones, mapas
500 _a"Este libro fue compuesto en caracteres Garamond Premier Pro e impreso en Bogotá D.C., Colombia" -- Colofón.
504 _aIncluye referencias bibliográficas
520 _aPresenta una discusión sobre los retos del desarrollo integral de las poblaciones rurales que habitan el Páramo de Santurbán, frente a las dificultades de la delimitación y la prohibición de la agricultura. Analiza el marco teórico de la gobernanza ambiental global y el cumplimiento de los Objetivos de Desarrollo Sostenible en Colombia, proponiendo redes de gobernanza que involucren activamente a los pobladores locales.
650 4 _aConservación de ecosistemas
_zPáramo de Santurbán
_zColombia
_9188928
650 4 _aGobernanza ambiental
_zColombia
_9188929
650 4 _aParticipación comunitaria
_xAspectos ambientales
_zColombia
_9188930
651 _aPáramo de Santurbán (Santander, Colombia)
_xGestión ambiental
_9188931
942 _2DEWEY
_a25
_cLIBRO
_e1
_h333.72
_mS477
999 _c326326
_d326326